| 000 | 01908nam a2200409 a 4500 | ||
|---|---|---|---|
| 001 | ebr10558706 | ||
| 003 | CaPaEBR | ||
| 006 | m u | ||
| 007 | cr cn||||||||| | ||
| 008 | 100204s2012 inua sb 001 0 eng d | ||
| 010 | _z 2012930548 | ||
| 020 | _z9781118147832 | ||
| 020 | _z9781118225868 (e-book) | ||
| 040 |
_aCaPaEBR _cCaPaEBR |
||
| 035 | _a(OCoLC)797824895 | ||
| 050 | 1 | 4 |
_aHF5415.1265 _b.T74 2012eb |
| 082 | 0 | 4 |
_a658.8/72 _222 |
| 100 | 1 |
_aTreadaway, Chris, _d1974- |
|
| 245 | 1 | 0 |
_aFacebook marketing _h[electronic resource] : _ban hour a day / _cChris Treadaway, Mari Smith. |
| 250 | _a2nd ed. | ||
| 260 |
_aIndianapolis, Ind. : _bJohn Wiley & Sons, _cc2012. |
||
| 300 |
_axxii, 338 p. : _bill. (chiefly col.). |
||
| 490 | 1 | _aSerious skills | |
| 504 | _aIncludes bibliographical references and index. | ||
| 505 | 0 | _aInternet marketing 1985-2010 -- What is Facebook? -- Develop a Facebook strategy and measure success -- Month 1: create the plan and get started -- Month 2: establish corporate presence with pages and groups -- Month 3: create demand with Facebook ads -- Month 4: advanced tactics and campaign integration -- Customized experiences via Facebook applications -- The analytics of Facebook -- Organizational considerations. | |
| 533 |
_aElectronic reproduction. _bPalo Alto, Calif. : _cebrary, _d2013. _nAvailable via World Wide Web. _nAccess may be limited to ebrary affiliated libraries. |
||
| 630 | 0 | 0 | _aFacebook (Electronic resource) |
| 650 | 0 | _aInternet marketing. | |
| 650 | 0 |
_aSocial networks _xComputer network resources. |
|
| 655 | 7 |
_aElectronic books. _2local |
|
| 700 | 1 |
_aSmith, Mari, _d1966- |
|
| 710 | 2 | _aFacebook (Firm) | |
| 710 | 2 | _aSybex Inc. | |
| 710 | 2 | _aebrary, Inc. | |
| 830 | 0 | _aSerious skills. | |
| 856 | 4 | 0 |
_uhttp://site.ebrary.com/lib/rucke/Doc?id=10558706 _zAn electronic book accessible through the World Wide Web; click to view |
| 999 |
_c88730 _d88730 |
||